[Event "Speed Chess Championship 2020"]
[Site "Online"]
[Date "2020.12.12"]
[Round "3.20"]
[White "Vachier-Lagrave, Maxime"]
[Black "Carlsen, Magnus"]
[Result "1/2-1/2"]
[WhiteElo "2784"]
[BlackElo "2862"]
[Annotator "TA"]
[PlyCount "118"]
[EventDate "2020.10.31"]
[EventType "k.o."]
[EventCountry "NET"]
[SourceTitle "playchess.com"]
[Source "ChessBase"]
[SourceQuality "1"]

{[%evp 12,118,34,28,47,16,25,27,34,22,26,35,43,14,18,9,48,52,54,31,21,18,85,87,96,103,116,114,114,84,93,87,110,84,123,110,126,10,25,20,31,0,0,0,0,0,0,0,9,9,62,6,20,-14,0,15,39,27,29,28,75,30,43,32,48,7,9,14,14,18,9,0,29,12,14,0,21,0,22,0,0,0,27,27,27,27,27,0,105,56,244,244,244,244,244,244,244,146,146,0,0,0,0,0,0,0,0,0,0]} 1. e4 g6 2. d4 Bg7 3. Nf3 d6 4. h3 Nf6 5. Nc3 c6 6. Bd3 O-O 7. O-O Qc7 {B08: Pirc Defence: Classical System.} 8. Ne2 e5 9. c3 Re8 {White has an edge.} 10. Ng3 Nbd7 11. Re1 b6 12. Be3 Bb7 13. Qd2 {[#]} Rad8 $146 ({Predecessor:} 13... d5 14. Bh6 dxe4 15. Bxg7 Kxg7 16. Nxe4 exd4 17. Nxf6 Nxf6 18. Nxd4 h6 19. Bxg6 Kxg6 {1-0 (27) Martinez Duany,L (2499)-Linares Napoles,O (2287) Havana 2008}) 14. Bh6 Nf8 15. Bxg7 Kxg7 16. Bc4 c5 (16... h6 $11) 17. d5 $16 Bc8 18. a4 a6 19. Qd3 a5 20. Rf1 Ng8 21. Bb5 Re7 22. Nd2 Nd7 23. Nc4 Rf8 24. f4 (24. f3 $16) 24... exf4 $1 $11 25. Rxf4 Ne5 26. Nxe5 Rxe5 27. Raf1 Qe7 28. Qd2 Qg5 29. Qf2 {[%cal Rf4f7]} Nh6 30. Bd3 Bd7 (30... f5 $11) 31. b3 (31. Rf6 $14 Nf5 32. Nxf5+ Rxf5 33. Rxf5 gxf5 34. exf5) 31... Qe7 32. Kh2 Ng8 33. c4 Rg5 34. Ne2 {[%cal Bg3e2,Be2g1,Bg1f3][%mdl 32]} Re5 35. Ng1 Qe8 36. Kh1 f6 37. Nf3 Re7 38. Nh2 Ref7 39. Rf3 Nh6 40. Qb2 Qe5 41. Qxe5 (41. Qd2 {seems wilder.} f5 42. exf5 Nxf5 43. Bxf5 Rxf5 44. Re1) 41... dxe5 42. R3f2 f5 43. Nf3 Re8 44. Ng5 Rff8 45. Kh2 f4 46. g3 {[%cal Rg3f4]} fxg3+ (46... Ng8 {looks sharper.} 47. gxf4 h6 48. Nf3 Rxf4 49. Nd2 g5) 47. Kxg3 Rxf2 48. Rxf2 Re7 $1 49. h4 Bc8 (49... Ng4 $11 50. Rf1 Nf6) 50. Be2 $16 Nf7 $2 (50... Ng8 $1 $14) 51. Nxf7 $18 Rxf7 52. Rxf7+ Kxf7 {[%mdl 4096] Endgame KB-KB} 53. Bg4 Bb7 54. Be6+ ({White should try} 54. h5 $1 $18 {[%cal Rh5h6] aiming for h6.} gxh5 55. Bf5 (55. Bxh5+ Kf6 $16)) 54... Kf6 $16 {[#]} 55. Kg4 ({White must play} 55. h5 $1 $16 {[%mdl 512]}) 55... h6 $11 {The position is equal.} 56. Bd7 Ba6 57. Be6 Bb7 58. Bd7 Ba6 59. Be6 Bb7 {Weighted Error Value: White=0.20/Black=0.17} 1/2-1/2

[Event "Speed Chess Championship 2020"]
[Site "Online"]
[Date "2020.12.12"]
[Round "3.21"]
[White "Carlsen, Magnus"]
[Black "Vachier-Lagrave, Maxime"]
[Result "1-0"]
[WhiteElo "2862"]
[BlackElo "2784"]
[Annotator "TA"]
[PlyCount "105"]
[EventDate "2020.10.31"]
[EventType "k.o."]
[EventCountry "NET"]
[SourceTitle "playchess.com"]
[Source "ChessBase"]
[SourceQuality "1"]

{[%evp 21,105,14,34,29,26,28,83,89,133,131,127,131,177,158,412,429,418,423,420,390,783,429,443,429,423,422,410,411,346,-1631,-1558,-29980,62,61,105,101,116,5,97,56,138,0,56,5,5,6,5,5,144,116,144,144,243,164,160,153,147,59,63,62,82,0,15,0,0,3,1381,1276,867,692,1216,1741,1635,1546,1512,1381,12835,12835,12840,12840,12841,12842,12844,12844,12845,12845]} 1. e4 c5 2. Nf3 d6 3. d4 cxd4 4. Nxd4 Nf6 5. Nc3 a6 6. Be3 Ng4 7. Bg5 h6 8. Bh4 g5 9. Bg3 Bg7 10. Qd2 Nc6 11. Nb3 b5 12. h4 {B90: Sicilian Najdorf: Unusual White 6th moves, 6 Be3 Ng4 and 6 Be3 e5.} gxh4 13. Bxh4 Be6 (13... Nge5 $11) 14. O-O-O $16 {[#] White is better.} Nce5 $146 ({Predecessor:} 14... Rc8 15. Kb1 Nge5 16. Nd4 Nxd4 17. Qxd4 Rg8 18. Qa7 Ng6 19. Qxa6 Bxc3 20. bxc3 Kf8 {½-½ (43) Nagel,H-Firnhaber,I ICCF corr 1996}) 15. f3 Nf6 16. Nd4 Rc8 17. Kb1 Bc4 $2 (17... Bd7 $16 18. a3 h5) 18. Nf5 $18 Kf8 19. Bxf6 Bxf6 20. Rxh6 Ng6 $2 (20... Rxh6 21. Qxh6+ Ke8) 21. Rxh8+ Bxh8 22. Qh6+ Ke8 {intending ...Bxc3.} 23. Bxc4 bxc4 24. Nd5 $1 {[%cal Rd5e7]} Rb8 25. Nfxe7 $4 {[%mdl 8192]} (25. c3 $18) 25... Bxb2 $19 {( -> ...Bc3+)} 26. c3 Bxc3+ $2 (26... Qa5 $1 {mates} 27. Nc7+ {[%mdl 64] Discovered Attack} Kxe7 28. Nd5+ Kd7 29. Nf6+ Kc7 30. Ne8+ Kd8 31. Rxd6+ Ke7 32. Kc2 Bxc3 33. Qc1 Nf4 34. a3 Ne2 35. Kd1 Nxc1 36. g3 Rb2 37. Kxc1 Qxa3 38. Rd7+ {[%mdl 64] Decoy} Kxd7 39. Nf6+ Bxf6 {[%mdl 64] Discovered Attack} 40. g4 Qa1#) 27. Kc2 $14 Qa5 28. Nxc3 (28. Nxg6 {is a self mate.} Rb2+ 29. Kc1 Rb1+ $1 {[%mdl 512]} 30. Kc2 Qxa2+ 31. Kxc3 Qb2+ 32. Kxc4 Qb3+ 33. Kd4 Rxd1+ 34. Qd2 Rxd2#) 28... Kxe7 29. Qd2 ({White must play} 29. Qe3 $1 $16 {[%cal Re3a7] Hoping for Qa7+.} Rb7 30. Rd2) 29... Qc5 (29... Qa3 $11 30. Qc1 Qxc1+ 31. Kxc1 Nf4) 30. Nd5+ Ke8 (30... Kf8 $14 31. Nc3 Ke7) 31. Qc3 (31. Qd4 $1 $16) 31... Ne5 (31... Qf2+ $11 32. Qd2 Qc5) 32. f4 (32. Qd4 $14) 32... Qf2+ $1 $11 33. Qd2 Nd3 34. Qxf2 {White wants to mate with Qa7!} Nxf2 {[%mdl 4096] Endgame KRN-KRN} (34... Rb2+ $11 {remains equal.} 35. Kc3 Rxf2) 35. Rd4 $16 Nd3 36. Rxc4 Ne1+ (36... Nc5 $16 37. e5 Kd7 38. Nf6+ Ke6) 37. Kd2 Nxg2 38. Ra4 Rb2+ 39. Kc3 ({White should try} 39. Kd3 $1 $16) 39... Rf2 $14 40. f5 Nf4 41. Nxf4 (41. Nb4 $16) 41... Rxf4 $16 {KR-KR} 42. Kd4 Ke7 43. Rxa6 {a4 is the strong threat.} Rf2 $2 {[%mdl 8192] [#]} (43... Rf1 $11) 44. a4 $1 $18 {[%cal Ba2a4,Ba4a5,Ba5a6,Ba6a7][%mdl 32] White is clearly winning.} Rd2+ 45. Kc4 Rc2+ 46. Kd3 Ra2 47. a5 Ra4 {[#]} 48. Ke3 $1 {[%cal Re3d3]} Kd7 49. Ra7+ Ke8 50. f6 Ra1 51. a6 Ra5 52. Re7+ Kf8 53. a7 {What a fight!  Weighted Error Value: White=0.67/Black=0.57} 1-0

[Event "Speed Chess Championship 2020"]
[Site "Online"]
[Date "2020.12.12"]
[Round "3.22"]
[White "So, Wesley"]
[Black "Nakamura, Hikaru"]
[Result "0-1"]
[WhiteElo "2816"]
[BlackElo "2736"]
[Annotator "TA"]
[PlyCount "132"]
[EventDate "2020.10.31"]
[EventType "k.o."]
[EventCountry "NET"]

{[%evp 17,132,56,81,83,95,26,56,52,51,52,79,52,70,77,133,137,143,141,130,112,206,206,254,102,112,59,69,65,76,76,95,19,45,34,88,88,81,42,81,0,107,108,114,85,122,122,129,122,136,122,151,134,181,181,198,205,205,69,218,223,225,134,141,141,131,137,132,94,216,228,208,143,210,121,112,56,210,107,114,91,114,72,72,72,65,62,64,12,68,41,156,59,45,51,57,64,81,40,66,0,90,0,0,0,0,0,0,0,0,-247,-247,-304,-155,-311,-311,-311,-304]} 1. d4 g6 2. c4 Bg7 3. Nc3 d6 4. e4 Nf6 5. Be2 O-O 6. Nf3 e5 7. O-O Nbd7 8. Be3 Re8 9. d5 Nc5 10. Nd2 {E94: King's Indian: Classical: 6 Be2 e5 7 0-0: Various Black 7th moves.} a5 {[#]} 11. g4 $5 $146 {[%mdl 8] New and interesting.} (11. a3 $16) ({Predecessor:} 11. a3 Nfd7 12. b4 axb4 13. axb4 Rxa1 14. Qxa1 Na6 15. Qa3 f5 16. f3 f4 17. Bf2 Bf8 {½-½ (61) Socko,M (2462)-Hoolt,S (2398) Riga 2017}) 11... Kh8 12. Kh1 {White is slightly better.} Ng8 13. Rg1 h6 14. Rg3 Bf6 15. Nf3 Bg5 (15... Bg7 $142) 16. Nxg5 $16 hxg5 17. Qd2 f6 18. Kg2 $1 Kg7 (18... Re7 $16) 19. Rh1 $1 $18 Ne7 20. b3 (20. h4 $18 gxh4 21. Rxh4) 20... Rh8 $16 21. Kf1 (21. Rh3 $16) 21... Bd7 22. h3 Na6 23. Kg2 a4 24. Bd1 (24. Rb1 $16) 24... axb3 25. axb3 b6 (25... Nc8 $14) 26. Bc2 Be8 27. Bb1 Nc5 28. Bc2 (28. b4 $16) 28... Nd7 (28... Na6 $1 $11) 29. b4 Bf7 30. Bd3 Qc8 31. Be2 Qd8 32. Rc1 Rc8 33. Bd1 c6 34. Be2 c5 35. Nb5 Nb8 36. Ra1 Be8 37. Nc3 (37. Na7 $18) 37... Rc7 (37... cxb4 $14 38. Nd1 Nd7) 38. bxc5 $18 bxc5 39. Ra8 (39. Qb2 $1 $18) 39... Rb7 $16 40. Qa2 Nc8 41. Bd2 Nb6 42. Ra7 Qe7 (42... Rxa7 $16 {was worth a try.} 43. Qxa7+ Kg8) 43. Rxb7 $18 Qxb7 44. Qb2 Qa6 (44... Na6 $16 45. Na2 Ba4) 45. Qb3 (45. Nb1 $18) 45... Bd7 46. Nd1 (46. Qb1 $16) 46... Rh7 $2 (46... Ba4 $14 47. Qb1 Bxd1 48. Qxd1 N8d7) 47. Nb2 (47. Qb1 $18 {Rb3 is the strong threat.} Be8 48. Qb2) 47... Be8 48. Qa3 Kf8 49. Qxa6 (49. Qc3 {is interesting.} Qa1 50. Qb3 Qa7 51. Qd1 Rf7 52. Rf3) 49... Nxa6 50. Rb3 Nc8 51. Nd1 Ra7 52. Nc3 ({White should try} 52. Ra3 $14) 52... Ra8 ({Better is} 52... Nb4 $11) 53. Nb5 Rb8 {[#]} (53... Nb4 $14) 54. Ra3 (54. Rf3 $1 $16) 54... Bxb5 $14 55. cxb5 Nc7 56. Ba5 Nb6 57. Bc3 Nc8 58. Ba5 (58. Bd2 $14) 58... Ra8 (58... Nb6 $1 $11 {keeps the balance.}) 59. b6 ({White should play} 59. Bc4 $16) 59... Nxb6 $11 60. Bxb6 Rxa3 61. Bxc7 {Cut Off at move 61} Ke7 62. Bb6 Ra4 63. f3 $2 (63. Kf3 $11 {and White is okay.}) 63... c4 $19 {[%mdl 1024] Black has strong compensation.} 64. Kf2 c3 (64... Ra2 $19 65. Ke1 c3) 65. Bd3 $2 {[#]} (65. Ke3 $17) 65... c2 $1 {[%cal Rc2c1][%mdl 512]} 66. Be3 {next Ke2 is good for White.} ({Much weaker is} 66. Bxc2 Ra2 $19) 66... Ra1 {What a fight!  Weighted Error Value: White=0.31/Black=0.37} 0-1

[Event "Speed Chess Championship 2020"]
[Site "Online"]
[Date "2020.12.12"]
[Round "3.22"]
[White "Vachier-Lagrave, Maxime"]
[Black "Carlsen, Magnus"]
[Result "0-1"]
[WhiteElo "2784"]
[BlackElo "2862"]
[Annotator "TA"]
[PlyCount "160"]
[EventDate "2020.10.31"]
[EventType "k.o."]
[EventCountry "NET"]
[SourceTitle "playchess.com"]
[Source "ChessBase"]
[SourceQuality "1"]

{[%evp 12,160,31,16,33,-21,-14,-30,-21,-30,-20,-25,-28,-27,-20,-38,-35,-20,-12,-10,-8,-22,-18,-78,-13,-18,-15,-17,-18,-56,-59,-64,-67,-65,-72,-62,-76,-54,-74,-162,-54,-179,-131,-236,-56,-50,-13,-13,-22,-14,-23,-23,-24,-104,-87,-95,-91,-92,-83,-105,-27,-97,-66,-75,-72,-237,-129,-75,0,0,0,0,0,0,0,0,0,-3,0,-48,0,-227,0,0,0,0,0,0,0,0,0,0,0,0,0,0,0,0,0,0,0,0,0,0,0,0,0,0,0,0,0,0,0,0,0,0,0,0,0,0,0,0,0,0,0,0,0,0,0,-856,-828,-987,-920,-2353,-2300,-2123,-2057,-4437,-1709,-1457,-1292,-12846,-12843,-12843,-12841,-12847,-12846,-12850,-12850,-12850,-29985]} 1. e4 Nf6 2. e5 Nd5 3. d4 d6 4. Nf3 dxe5 5. Nxe5 g6 6. Be2 Bg7 7. O-O O-O {B04: Alekhine's Defence: 4 Nf3.} 8. c3 ({White should play} 8. c4 $14 Nb4 9. Nf3) 8... c5 $11 9. Nf3 cxd4 {Black has an edge.} 10. Nxd4 Nc6 11. Nxc6 bxc6 12. Bf3 {[#]} Rb8 $146 ({Predecessor:} 12... Qc7 13. Nd2 Rb8 14. Nb3 Ba6 15. Re1 Rfd8 16. Bxd5 Rxd5 17. Qf3 Bc4 18. Be3 a5 {0-1 (35) Lauer,F (1377)-Fair,M (1123) LSS email 2010}) 13. Re1 Qc7 14. Na3 Rd8 15. Qa4 Bf5 16. Nc4 Rb5 17. Ne3 (17. g3 $11) 17... Nb6 (17... Nxe3 $17 18. Bxe3 Rxb2) 18. Qh4 Be6 19. a4 Re5 20. Qg3 Nc4 21. Rf1 Nd2 22. Bxd2 Rxd2 23. b4 Rd3 24. Rac1 Bh6 25. Rfe1 {[#]} (25. Rce1 $17 Bg7 26. Rc1) 25... Qd6 (25... Bxe3 $6 26. Rxe3 Rdxe3 27. fxe3 $11) (25... f5 $1 $19 {[%cal Rf5f4]} 26. Qh4 Kg7) 26. c4 (26. Rcd1 $15 Rexe3 27. fxe3 Qxg3 28. hxg3 Bxe3+ 29. Rxe3 Rxe3 30. Rd8+ Kg7 31. Bxc6) 26... c5 ({Don't do} 26... Bxe3 27. fxe3 c5 28. Rcd1 $17) 27. b5 (27. bxc5 $17 {was necessary.} Qxc5 28. Nf1 Rxe1 29. Rxe1) 27... Rexe3 $2 ({But not} 27... Bxe3 28. fxe3 f6 29. Bc6 $17) ({Better is} 27... f5 $19 {Threatens to win with ...f4.} 28. Qh4 Kg7) 28. fxe3 $15 Qxg3 29. hxg3 Bxe3+ 30. Rxe3 Rxe3 $19 {[%mdl 4096] Endgame KRB-KRB} 31. a5 $1 {And now b6 would win.} Rb3 $1 {White should prevent ...Kg7.} 32. Ra1 (32. g4 $11 {remains equal.}) 32... Bxc4 $17 {[#]} 33. b6 $1 {[%mdl 512]} axb6 34. a6 {[#]} Bxa6 $1 35. Rxa6 {KRB-KR} e6 (35... c4 $17 36. Kf2 b5) 36. Ra7 (36. g4 $11 {keeps the balance.}) 36... b5 37. Rc7 c4 38. Bc6 $2 (38. Kf2 $17) 38... Kf8 (38... c3 $19 39. Kf2 Kf8) 39. g4 g5 (39... c3 $17 40. Be4 b4) 40. Kf2 $11 c3 41. Be4 h6 42. Bc2 Ra3 43. Ke3 b4 44. Bd3 Ra1 45. Kd4 Rd1 {White must now prevent ...Rd2.} (45... Rg1 $5 {[%cal Rg1g2]} 46. Be4 Rf1 $17) 46. Ke3 $2 {[#]} (46. Rc4 $11 {and White is okay.}) 46... Rd2 $2 (46... Rc1 $1 $19 47. Rb7 c2) 47. g3 Rg2 48. Kf3 Rb2 49. Ke3 Kg7 50. Be4 Kf6 51. Rc5 Ke7 52. Rc7+ Kd6 53. Rc6+ Kd7 {Strongly threatening ...f5!} 54. Rc4 f6 55. Bc6+ Kd6 {Hoping for ...c2.} 56. Be4 $1 Rb3 57. Ke2 c2 58. Bxc2 Rxg3 59. Rxb4 Kc5 60. Re4 Rg2+ 61. Kd3 {Cut Off at move 61} Kd6 62. Bd1 f5 63. gxf5 exf5 64. Ra4 Rg3+ 65. Ke2 Rh3 66. Kf2 h5 67. Ra5 Ke6 68. Bf3 g4 69. Bb7 Kf6 {aiming for ...Rb3.} 70. Bc8 $2 {[%mdl 8192]} (70. Ra6+ $11 Kg5 71. Ra5) 70... Rf3+ $19 {Black is clearly winning.} 71. Ke2 h4 72. Ra7 h3 73. Rh7 Kg5 74. Rh8 Kf4 (74... Ra3 $142 75. Be6 Kf4) 75. Rh5 Re3+ 76. Kf2 Re5 77. Kf1 Rc5 78. Bd7 Kg3 79. Bxf5 h2 {( -> ...Rxf5+!)} 80. Ke2 {[#]} Rxf5 $1 {[%mdl 576] Promotion.  Weighted Error Value: White=0.29/Black=0.23} 0-1

[Event "Speed Chess Championship 2020"]
[Site "Online"]
[Date "2020.12.12"]
[Round "3.23"]
[White "Carlsen, Magnus"]
[Black "Vachier-Lagrave, Maxime"]
[Result "1-0"]
[WhiteElo "2862"]
[BlackElo "2784"]
[Annotator "TA"]
[PlyCount "121"]
[EventDate "2020.10.31"]
[EventType "k.o."]
[EventCountry "NET"]
[SourceTitle "playchess.com"]
[Source "ChessBase"]
[SourceQuality "1"]

{[%evp 9,121,4,22,0,11,11,14,10,12,15,37,28,189,204,182,-37,178,179,211,163,167,137,125,129,149,150,178,181,219,181,238,252,268,254,341,214,199,167,330,334,316,310,405,404,427,377,430,422,427,425,424,407,398,298,307,292,375,76,62,26,74,79,95,25,127,119,113,108,287,272,289,289,284,274,288,292,373,327,321,320,599,587,664,387,685,669,692,692,692,685,683,669,11318,7497,6045,596,29952,29950,29952,29958,29971,29973,29978,29977,29983,29984,29984,29984,29985,29986,29988,29984,29989,29990]} 1. e4 c6 2. d4 d5 3. e5 Bf5 4. c4 e6 5. Nc3 Ne7 6. h3 {B12: Caro-Kann: Advance Variation.} h6 7. Nf3 Nd7 8. b3 {The position is equal.} Ng6 9. a3 {[#]} dxc4 $146 ({Predecessor:} 9... Be7 10. Be2 O-O 11. O-O f6 12. exf6 Rxf6 13. Be3 Bd6 14. b4 Qe7 15. Re1 Raf8 {1-0 (34) Petrov,M (2463)-Richardson,J (2239) Cardiff 2019}) 10. bxc4 c5 $2 (10... Nh4 $11 {and Black has nothing to worry.}) 11. g4 $18 cxd4 12. Nxd4 $2 (12. gxf5 $18 exf5 13. Nd5 (13. Qxd4 Bc5 $16) (13. Nxd4 Qa5 $18)) 12... Bxg4 $2 (12... Qa5 $15 {stays ahead.} 13. Qd2 Qxe5+ 14. Qe3 Bc5 15. Qxe5 Ngxe5) 13. hxg4 (13. Qxg4 Ndxe5 14. Nxe6 Qa5 $17) 13... Ndxe5 {[#] Threatens to win with ...Qxd4.} 14. Be2 Bc5 15. Nb3 Qxd1+ 16. Nxd1 Bd6 17. Be3 Rc8 18. c5 Bb8 19. Nc3 Nd7 (19... O-O $142 20. O-O-O Nc6) 20. Ne4 O-O 21. Rd1 Rfd8 22. Nd6 Bxd6 23. cxd6 a6 $2 (23... Nf6 {was called for.} 24. g5 (24. Bxa7 Nd5 $16) 24... hxg5 25. Bxg5 Rc6) 24. Na5 b5 25. O-O Nde5 26. f4 Nc4 27. Bxc4 bxc4 28. Nb7 {Black must now prevent d7.} Rd7 29. Nc5 {[%mdl 64] [#] Double Attack} Rdd8 30. d7 Rc7 31. Rd6 c3 32. Rc1 Nxf4 {aiming for ...Ne2+.} 33. Bxf4 $2 (33. Nxa6 $18 {is more deadly.} Ne2+ 34. Kf2 Nxc1 35. Nxc7) 33... Rxc5 $16 34. Rd3 e5 35. Be3 Rc7 36. Rcxc3 (36. Kf2 $16) 36... Rxc3 {White now steadily converts the win.} (36... Rdxd7 $11 {keeps the balance.} 37. Kf2 f6) 37. Rxc3 {White wants to mate with Rc8!} Rxd7 {[%mdl 4096] Endgame KRB-KR} 38. Kf2 f6 $2 (38... Rd6 $16 39. Kf3 f6) 39. Rc6 $18 a5 40. Rc5 a4 41. Rc4 Kf7 42. Rxa4 Rd3 43. Ra7+ Ke6 44. a4 {[%cal Ba3a4,Ba4a5][%mdl 32]} ({Don't do} 44. Rxg7 Rxa3 45. Rg6 (45. Bxh6 Ra2+ 46. Kf3 Rh2 $16) 45... Kf7 $18) 44... Ra3 $2 (44... f5 45. gxf5+ (45. Rxg7 f4 $18) 45... Kxf5 46. Rxg7 Ra3) 45. a5 g6 46. Ra6+ Kd5 $2 (46... Kf7 47. Bxh6 g5) 47. Rxf6 Rxa5 48. Rxg6 Ke4 49. Bxh6 Ra2+ 50. Kg3 Ra3+ 51. Kh4 Ra2 52. Rf6 Ra1 53. Kh5 {White mates.} Rh1+ 54. Kg6 Rg1 55. g5 Kd3 56. Kf7 e4 57. g6 e3 58. Rd6+ Ke4 59. Re6+ Kf5 60. Bxe3 Rxg6 61. Rxg6 {Weighted Error Value: White=0.38/Black=0.63} 1-0

[Event "Speed Chess Championship 2020"]
[Site "Online"]
[Date "2020.12.12"]
[Round "3.23"]
[White "Nakamura, Hikaru"]
[Black "So, Wesley"]
[Result "0-1"]
[WhiteElo "2736"]
[BlackElo "2816"]
[Annotator "TA"]
[PlyCount "112"]
[EventDate "2020.10.31"]
[EventType "k.o."]
[EventCountry "NET"]

{[%evp 9,112,-15,-13,-18,-11,-34,-38,-40,-35,-47,-50,-44,-34,-46,-1,-53,-11,-10,-19,-15,-14,-22,-8,-36,-15,-67,-50,-72,-59,-61,-69,-79,-79,-79,-79,-79,-79,-79,-79,-79,-79,-88,-48,-49,-48,-48,-41,-41,0,0,0,-26,-22,-41,-41,-41,-41,-48,-48,-48,-48,-48,-29,-33,-33,-33,-16,-30,-30,-46,-33,-138,-138,-8,0,-29977,-29978,-29987,-29988,-29988,-29989,-29989,-29990,-29990,-29991,-29991,-29992,-29992,-29993,-29993,-29994,-29995,-29996,-29996,-29994,-29994,-29995,-29995,-29996,-29996,-29997,-29997,-29998,-29998,-29999]} 1. e4 c5 2. Nc3 d6 3. f4 g6 4. Nf3 Bg7 5. Bc4 Nc6 6. Bb5 {B23: Closed Sicilian: Lines without g3.} Bd7 7. Bxc6 Bxc6 8. d3 {Black is slightly better.} Qd7 {[#]} 9. O-O $146 ({Predecessor:} 9. Bd2 e6 10. O-O Ne7 11. Qe1 O-O 12. Qh4 f5 13. Rae1 Rae8 14. e5 Bxf3 15. Rxf3 dxe5 16. fxe5 {0-1 (22) Saurabh,M (1902)-Adhiban,B (2490) Chennai 2009}) 9... f5 10. Qe1 Nf6 11. e5 Nd5 12. Bd2 (12. Nxd5 $11 Bxd5 13. b3) 12... O-O 13. Nxd5 Bxd5 14. Bc3 b5 15. a3 Rae8 16. b4 Qc6 17. Bb2 (17. Rc1 $11) 17... Bxf3 18. Rxf3 {[#]} cxb4 $1 19. axb4 Qxc2 20. Rf2 Qxd3 21. Rxa7 dxe5 22. Bxe5 Bxe5 23. Qxe5 Qb1+ 24. Rf1 Qxb4 25. Rb7 Qd6 (25... Rf6 {looks sharper.} 26. Re1 Rd6 27. Rxb5 Qd4+ 28. Qxd4 Rxd4 29. g3 Kf7) 26. Qxd6 exd6 27. Rxb5 $15 {[%mdl 4096] Endgame KRR-KRR} Rd8 28. Rd1 Kf7 29. Rb7+ Kg8 30. Rb6 Rf6 31. Ra1 Rd7 32. Kf2 Re6 33. Ra8+ Kf7 34. Rh8 Kf6 35. Rbb8 d5 36. Rbf8+ Kg7 {...Rde7 is the strong threat.} 37. h3 d4 {And now ...Re4 would win.} 38. Rfg8+ Kh6 {Strongly threatening ...Re4.} 39. g4 fxg4 40. hxg4 d3 {( -> ...d2)} 41. Rd8 (41. Kg3 $17 Rf7 42. Rd8) 41... Re2+ 42. Kf3 $2 {[%mdl 8192] [#] Black keeps a firm grip on the game.} (42. Kg3 $11 Re3+ 43. Kh4 Rxd8 44. g5+ Kg7 45. Rxd8) 42... Ree7 {Black mates.} 43. Kg3 d2 44. Kh4 d1=Q 45. g5+ Kg7 46. Rhg8+ Kf7 47. Rgf8+ Ke6 48. Rf6+ Kd5 49. Rxd7+ Rxd7 50. Ra6 Ke4 51. Ra3 Qe1+ 52. Kh3 Rd3+ 53. Rxd3 Kxd3 54. Kg2 Ke3 55. f5 Qf2+ 56. Kh3 Kf3 {Weighted Error Value: White=0.23/Black=0.09} 0-1

[Event "Speed Chess Championship 2020"]
[Site "Online"]
[Date "2020.12.12"]
[Round "3.24"]
[White "So, Wesley"]
[Black "Nakamura, Hikaru"]
[Result "0-1"]
[WhiteElo "2816"]
[BlackElo "2736"]
[Annotator "TA"]
[PlyCount "110"]
[EventDate "2020.10.31"]
[EventType "k.o."]
[EventCountry "NET"]

{[%evp 18,110,22,23,28,21,18,0,34,31,31,12,7,11,12,7,18,20,12,0,0,0,0,0,0,0,0,0,0,0,0,0,0,0,0,-16,0,0,0,0,0,0,0,-39,0,0,0,-312,-290,-454,-452,-445,-443,-385,-289,-261,-173,-169,-167,-163,-96,-219,-227,-214,-213,-224,-254,-536,-531,-528,-503,-348,-474,-651,-602,-1402,-865,-662,-8,-8,-8,-8,-8,-80,-83,-5591,-5081,-29977,-29978,-29977,-29978,-29983,-29984,-29984,-29985]} 1. d4 g6 2. c4 Bg7 3. Nf3 d6 4. Nc3 f5 5. g3 Nf6 6. Bg2 O-O 7. O-O c6 8. d5 e5 9. dxe6 Bxe6 10. b3 Re8 {A88: Dutch Defence: Leningrad System: 5 Nf3 0-0 6 0-0 d6 7 Nc3 c6.} 11. Bb2 Na6 12. Qc2 Nc5 {The position is equal.} 13. Rad1 Qe7 14. Nd4 Bf7 15. e3 {[#]} Ng4 $146 ({Predecessor:} 15... Rad8 16. Rfe1 h5 17. h4 Ng4 18. Nf3 Kh8 19. Ng5 Bg8 20. Nb1 Ne6 21. Nxe6 Bxe6 {1-0 (38) Garcia Cardenas,P (2422)-Sadhwani,R (2545) chess.com INT 2020}) 16. Nde2 a5 17. Rd2 {[#]} a4 $1 {[%mdl 512]} 18. Rfd1 (18. bxa4 Bxc4) 18... axb3 19. axb3 Rad8 ({Much weaker is} 19... Nxf2 $6 20. Kxf2 Qxe3+ 21. Kf1 $16) 20. h3 Nf6 21. b4 (21. Nc1 {looks sharper.} Na6 22. Ba3 Nc5 23. N1e2 Qc7 24. Nc1) 21... Nce4 22. Nxe4 Nxe4 23. Bxe4 Qxe4 24. Bxg7 Qxc2 25. Rxc2 {Threatens to win with Bf6.} Kxg7 26. b5 c5 27. Nf4 Kf6 28. Nd5+ Bxd5 29. Rxd5 $11 {[%mdl 4096] Endgame KRR-KRR} Re5 30. Rd1 Re4 31. Rd5 Ke6 32. Kg2 $2 {[%mdl 8192] [#]} (32. Rd3 $1 $11 {and White has nothing to worry.}) 32... Rxc4 $3 $19 {[%mdl 512]} 33. Rxd6+ (33. Rcd2 $142) (33. Rxc4 Kxd5) 33... Rxd6 ({Not} 33... Kxd6 34. Rxc4 Ra8 35. g4 $17) 34. Rxc4 {[#] KR-KR} Kd5 $1 {[%cal Rd5c4]} 35. Rh4 Rd7 36. Kf3 b6 37. Ke2 Ra7 38. g4 fxg4 ({Black should play} 38... c4 $19 39. gxf5 gxf5) 39. Rxg4 (39. hxg4 $17 Kc4 40. f4) 39... Ra2+ 40. Kf3 Rb2 41. h4 Rxb5 42. h5 $2 (42. e4+ Kd4 43. Rg5) 42... gxh5 43. Rg5+ Kc6 44. Rxh5 c4 45. Rh6+ Kc5 46. Rxh7 Rb1 47. Rc7+ Kd5 $2 (47... Kb4 $19 48. Ke2 c3) 48. e4+ $11 Kd4 {Strongly threatening ...b5.} 49. Rd7+ Kc3 {Hoping for ...b5.} 50. e5 (50. Ke2 $11) 50... Re1 $17 {...b5 is the strong threat.} 51. Kf4 $2 {[%mdl 8192]} (51. Rb7 $17) 51... b5 $19 52. Kf5 b4 {Black mates.} 53. e6 b3 54. Kf6 b2 55. Rb7 b1=Q {Weighted Error Value: White=0.77/Black=0.34} 0-1